000 00795nam a2200145Ia 4500
008 100122s9999 xx 000 0 und d
082 _b64961
_a927.808
100 _aभारतीय संगीत विद्यालय
245 _aहिंदुस्थानी शास्त्रीय संगीतातील प्रतिभावंत क क्र- 14/4
260 _bकिरण भास्कर फाटक
_c2003
300 _a64
630 _aहिंदुस्थानी शास्त्रीय संगीतातील प्रतिभावंत क क्र- 14/4
730 _aहिंदुस्थानी शास्त्रीय संगीतातील प्रतिभावंत क क्र- 14/4
942 _cBOOK
999 _c438288
_d438285